MARC details
| 000 -LEADER |
| fixed length control field |
02883cam a22005054a 4500 |
| 001 - CONTROL NUMBER |
| control field |
ocn268792940 |
| 003 - CONTROL NUMBER IDENTIFIER |
| control field |
TZ-ArACH |
| 005 - DATE AND TIME OF LATEST TRANSACTION |
| control field |
20110928110141.0 |
| 008 - FIXED-LENGTH DATA ELEMENTS--GENERAL INFORMATION |
| fixed length control field |
081107s2009 enk b 001 0 eng |
| 010 ## - LIBRARY OF CONGRESS CONTROL NUMBER |
| LC control number |
2008048916 |
| 015 ## - NATIONAL BIBLIOGRAPHY NUMBER |
| National bibliography number |
GBA8D6357 |
| Source |
bnb |
| 016 7# - NATIONAL BIBLIOGRAPHIC AGENCY CONTROL NUMBER |
| Record control number |
014844761 |
| Source |
Uk |
| 020 ## - INTERNATIONAL STANDARD BOOK NUMBER |
| International Standard Book Number |
9780199565177 |
| 035 ## - SYSTEM CONTROL NUMBER |
| System control number |
(OCoLC)268792940 |
| 040 ## - CATALOGING SOURCE |
| Original cataloging agency |
DLC |
| Language of cataloging |
eng |
| Transcribing agency |
TZ-ArACH |
| Modifying agency |
BTCTA |
| -- |
UKM |
| -- |
YDXCP |
| -- |
BWKUK |
| -- |
BWK |
| -- |
CDX |
| -- |
NDL |
| -- |
IG# |
| -- |
TKF |
| -- |
ONS |
| -- |
OCLCQ |
| -- |
GEBAY |
| -- |
DEBSZ |
| 041 ## - LANGUAGE CODE |
| Language code of text/sound track or separate title |
Eng |
| 042 ## - AUTHENTICATION CODE |
| Authentication code |
pcc |
| 043 ## - GEOGRAPHIC AREA CODE |
| Geographic area code |
e------ |
| 049 ## - LOCAL HOLDINGS (OCLC) |
| Holding library |
TZAA |
| 050 00 - LIBRARY OF CONGRESS CALL NUMBER |
| Classification number |
KJE6242 |
| Item number |
.E588 |
| 082 00 - DEWEY DECIMAL CLASSIFICATION NUMBER |
| Classification number |
344.2404/6 |
| Edition number |
22 |
| 245 00 - TITLE STATEMENT |
| Title |
Environmental protection : |
| Remainder of title |
European law and governance / |
| Statement of responsibility, etc |
edited by Joanne Scott. |
| 260 ## - PUBLICATION, DISTRIBUTION, ETC. (IMPRINT) |
| Place of publication, distribution, etc |
Oxford ; |
| -- |
New York : |
| Name of publisher, distributor, etc |
Oxford University Press, |
| Date of publication, distribution, etc |
2009. |
| 300 ## - PHYSICAL DESCRIPTION |
| Extent |
xxii, 225 p. ; |
| Dimensions |
25 cm. |
| 490 1# - SERIES STATEMENT |
| Series statement |
The collected courses of the Academy of European Law ; |
| Volume number/sequential designation |
v. 18/3 |
| 504 ## - BIBLIOGRAPHY, ETC. NOTE |
| Bibliography, etc |
Includes bibliographical references and index. |
| 505 00 - FORMATTED CONTENTS NOTE |
| Title |
The evolution of EU environmental governance / |
| Statement of responsibility |
Ingmar von Homeyer -- |
| Title |
Law and governance of water protection policy / |
| Statement of responsibility |
Maria Lee -- |
| Title |
REACH : combining harmonization and dynamism in the regulation of chemicals / |
| Statement of responsibility |
Joanne Scott -- |
| Title |
Building spatial Europe : an environmental justice perspective / |
| Statement of responsibility |
Jane Holder -- |
| Title |
EC external relations on environmental law / |
| Statement of responsibility |
Massimiliano Montini -- |
| Title |
A climate of change : an analysis of progress in EU and international climate change policy / |
| Statement of responsibility |
Jürgen Lefevere. |
| 650 #0 - SUBJECT ADDED ENTRY--TOPICAL TERM |
| Topical term or geographic name as entry element |
Environmental law |
| Geographic subdivision |
European Union countries. |
| 9 (RLIN) |
2420 |
| 650 #0 - SUBJECT ADDED ENTRY--TOPICAL TERM |
| Topical term or geographic name as entry element |
Environmental policy |
| Geographic subdivision |
European Union countries. |
| 9 (RLIN) |
2421 |
| 650 #0 - SUBJECT ADDED ENTRY--TOPICAL TERM |
| Topical term or geographic name as entry element |
Politique de l'environnement |
| Geographic subdivision |
Pays de l'Union européenne. |
| 9 (RLIN) |
2422 |
| 650 #0 - SUBJECT ADDED ENTRY--TOPICAL TERM |
| Topical term or geographic name as entry element |
Environmental protection |
| Geographic subdivision |
European Union countries. |
| 9 (RLIN) |
2423 |
| 650 #0 - SUBJECT ADDED ENTRY--TOPICAL TERM |
| Topical term or geographic name as entry element |
Environnement - protection |
| Geographic subdivision |
Union européenne |
| 9 (RLIN) |
2424 |
| 650 #0 - SUBJECT ADDED ENTRY--TOPICAL TERM |
| Topical term or geographic name as entry element |
Nature conservation |
| General subdivision |
Law and legislation |
| Geographic subdivision |
European Union countries. |
| 9 (RLIN) |
2425 |
| 650 #0 - SUBJECT ADDED ENTRY--TOPICAL TERM |
| Topical term or geographic name as entry element |
Nature - protection |
| General subdivision |
Union européenne |
| 9 (RLIN) |
2426 |
| 650 #0 - SUBJECT ADDED ENTRY--TOPICAL TERM |
| Topical term or geographic name as entry element |
Environnement |
| General subdivision |
Droit européen. |
| 9 (RLIN) |
2427 |
| 650 #0 - SUBJECT ADDED ENTRY--TOPICAL TERM |
| Topical term or geographic name as entry element |
Environmental impact charges |
| General subdivision |
Law and legislation |
| Geographic subdivision |
European Union countries. |
| 9 (RLIN) |
2428 |
| 650 07 - SUBJECT ADDED ENTRY--TOPICAL TERM |
| Topical term or geographic name as entry element |
Droit européen et droit interne |
| 9 (RLIN) |
2429 |
| 700 1# - ADDED ENTRY--PERSONAL NAME |
| Personal name |
Scott, Joanne. |
| 9 (RLIN) |
2430 |
| 830 #0 - SERIES ADDED ENTRY--UNIFORM TITLE |
| Uniform title |
Collected courses of the Academy of European Law ; |
| Volume number/sequential designation |
v. 18/3. |
| 9 (RLIN) |
2431 |
| 856 4# - ELECTRONIC LOCATION AND ACCESS |
| Contact for access assistance |
V:DE-601 |
| Electronic format type |
application/pdf |
| Uniform Resource Identifier |
<a href="http://www.gbv.de/dms/spk/sbb/recht/toc/585304955.pdf">http://www.gbv.de/dms/spk/sbb/recht/toc/585304955.pdf</a> |
| Materials specified |
Inhaltsverzeichnis |
| 856 4# - ELECTRONIC LOCATION AND ACCESS |
| Contact for access assistance |
V:DE-605;X:Imageware |
| Electronic format type |
application/pdf |
| Uniform Resource Identifier |
<a href="http://digitool.hbz-nrw.de:1801/webclient/DeliveryManager?pid=3095910">http://digitool.hbz-nrw.de:1801/webclient/DeliveryManager?pid=3095910</a> |
| Materials specified |
Inhaltsverzeichnis |
| 856 4# - ELECTRONIC LOCATION AND ACCESS |
| Uniform Resource Identifier |
<a href="http://digitool.hbz-nrw.de:1801/webclient/DeliveryManager?pid=3095911&custom%5Fatt%5F2=simple%5Fviewer">http://digitool.hbz-nrw.de:1801/webclient/DeliveryManager?pid=3095911&custom%5Fatt%5F2=simple%5Fviewer</a> |
| Link text |
Environmental protection |
| Materials specified |
Inhaltsverzeichnis |
| 942 ## - ADDED ENTRY ELEMENTS (KOHA) |
| Source of classification or shelving scheme |
Library of Congress Classification |
| Koha item type |
Books |